Psych Characters - Statistics

General Stats
  • This quiz has been taken 141 times
  • The average score is 11 of 16
Answer Stats
Picture Answer % Correct
Shawn Spencer
100%
Burton Guster
99%
Carlton Lassiter
96%
Juliet O'Hara
96%
Henry Spencer
88%
Chief Vick
86%
Mr. Yang
85%
Mr. Yin
85%
Woody Strode
76%
Buzz McNab
71%
Mary Lightly
70%
Pierre Despereaux
69%
Harris Trout
44%
Father Westley
19%
Declan Rand
16%
Lloyd French
6%
No matching quizzes found
Score Distribution
Percent of People with Each Score
Percentile by Number Answered
Your Score History
You have not taken this quiz